书目信息 |
| 题名: |
数字视频处理
|
|
| 作者: | 黎洪松 主编 | |
| 分册: | ||
| 出版信息: | 北京 北京邮电学院出版社 2006.08 |
|
| 页数: | 244页 | |
| 开本: | 26cm | |
| 丛书名: | ||
| 单 册: | ||
| 中图分类: | TN941.3 | |
| 科图分类: | ||
| 主题词: | 视频信号--shi pin xin hao--数字技术 | |
| 电子资源: | ||
| ISBN: | 7-5635-1235-7 | |
| 000 | 00888nam0 2200229 450 | |
| 001 | 012006346480 | |
| 005 | 20061130110823.25 | |
| 010 | @a7-5635-1235-7@dCNY26.00 | |
| 100 | @a20061109d2006 km y0chiy0120 ea | |
| 101 | 0 | @achi |
| 102 | @aCN@b110000 | |
| 105 | @aa a 000yy | |
| 200 | 1 | @a数字视频处理@Ashu zi shi pin chu li@f黎洪松主编@Fli hong song zhu bian |
| 210 | @a北京@c北京邮电学院出版社@d2006.08 | |
| 215 | @a244页@c图@d26cm | |
| 320 | @a有书目 (第243-244页)。 | |
| 330 | @a本书从数字视频处理的基本理论出发,以“理论到实用”为主线,讲解了国际上最新、最前沿的数字视频处理领域的相关技术。主要内容包括:数字视频处理基础,运动分析与处理,数字视频编码,数字视频滤波与重建,视频信息检索,数字视频水印等。 | |
| 606 | 0 | @a视频信号@Ashi pin xin hao@x数字技术 |
| 690 | @aTN941.3@v4 | |
| 701 | 0 | @a黎洪松@Ali hong song@4主编 |
| 801 | 0 | @aCN@c20061130 |
| 905 | @a10447@dTN941.3@eL106 | |
| 数字视频处理/黎洪松主编.-北京:北京邮电学院出版社,2006.08 |
| 244页:图;26cm |
| ISBN 7-5635-1235-7:CNY26.00 |
| 本书从数字视频处理的基本理论出发,以“理论到实用”为主线,讲解了国际上最新、最前沿的数字视频处理领域的相关技术。主要内容包括:数字视频处理基础,运动分析与处理,数字视频编码,数字视频滤波与重建,视频信息检索,数字视频水印等。 |
| ● |
| 相关链接 |
|
|
|
正题名:数字视频处理
索取号:TN941.3/L106
 
预约/预借
| 序号 | 登录号 | 条形码 | 馆藏地/架位号 | 状态 | 备注 |
| 1 | 227293 | 202272931 | 自科库301/301自科库 100排4列6层/ [索取号:TN941.3/L106] | 在馆 | |
| 2 | 227294 | 202272940 | 自科库301/301自科库 100排4列6层/ [索取号:TN941.3/L106] | 在馆 | |
| 3 | 227295 | 202272959 | 自科库301/301自科库 100排1列3层/ [索取号:TN941.3/L106] | 在馆 |